00666nam a22002177a 4500003000500000005001700005008004200022010001300064020002200077035001300099037001300112040001500125082001700140245009400157260004500251270006100296300002100357650003300378650002100411700001600432dpl020180521162137.0180521b xxu||||| |||| 00| 0 eng d0 aB-011654 c00.00a0195646584 aB-011654 bShahdara aDPLbENc0 a954.021bMED aMedieval India 1 :cedited by Irfan Habibbresearches in the History of India 1200-1750 / bOxford University PressaNew Delhic2000 aYMCA Library Building, Jai Singh RoadbNew Delhie110001 a224p. c20cm(Hb) aIndia -- Economic conditions aEconomic history aIrfan Habib